000 00373nam a2200157Ia 4500
008 240624s9999 xx 000 0 und d
041 _aeng
082 _a342.954 PAL
100 _aJAIN M P
245 _aINDIAN CONSTITUTIONAL LAW WITH CONSTITUT
250 _a(6th ed.)
260 _c2010
_aNew Delhi
_bButterworths
300 _a3371 : p.
365 _cRS
440 _v2
999 _c17000
_d17000